| 000 | 00916nam a22002297a 4500 | ||
|---|---|---|---|
| 008 | 081119t xxu||||| |||| 00| 0 eng d | ||
| 010 | _aENG-91669 | ||
| 020 |
_a9788184550740 _c650.00 |
||
| 035 | _aEN-75202 | ||
| 037 | _bDBAD / PUB | ||
| 040 |
_adpl _bEnglish |
||
| 082 | _a333.7 | ||
| 245 |
_aFundamentals of global environmental guidelines & challenges / _cedited by G. Madan Mohan |
||
| 260 |
_aNew Delhi _bOmega Publications _c2008 |
||
| 270 |
_a4398/5, Ansari Road, Daryaganj, _bNew Delhi _e110002 |
||
| 300 |
_a258p. . _c22cm (Hb) |
||
| 500 | _aIncludes bibliographical references and index | ||
| 650 | _aEnvironmental education | ||
| 650 | _aEnvironmental protection | ||
| 942 |
_2ddc _cEN _mFUN _h333.7 |
||
| 999 |
_c18748 _d18748 |
||